000 00613nam a2200217Ia 4500
003 BUBTL
008 151213s9999 xx 000 0 und d
020 _a0-256-10517-0
082 _a658.8'3 / D5871m/ 1994
100 _aW. R Dillon
_92518
245 _aMarketing Research & Marketing Environment
_cW. R Dillon
250 _a3rd
260 _aAustralia
_bIrwin
_cc1994
300 _a[xxii],760p. :
_bill, Graph, Table,23cm.
500 _aIncludes Index .
650 _aMarketing
_92519
700 _aW. R Dillon
_92518
856 _k0
_l0
_yDownload
942 _2ddc
_cBK
999 _c1876
_d1876